01192nam a2200325Ia 450000500170000000800410001702000180005804100080007610000280008424500820011225000180019430000470021250000210025950000450028052100350032565000450036065000470040565000380045265000410049065000370053165000360056870000540060470000410065826400330069933600270073233700330075933800280079204000350082008400110085520220317001747.0170328s2016 c a g 000 p s  a9789583051623 aspa1 aAlonso, Dorad1910-200113aLa flauta de chocolatecDora Alonso ; ilustraciones María Fernanda Mantilla a2a. edición a76 páginasbilustraciones a colorc22 cm aIncluye glosario aIncluye datos biográficos de la autora aRecomendado desde los 6 años142LEMBaPoesía infantil cubanaySiglo XX142LEMBaLiteratura infantil cubanaySiglo XX142LEMBaNaturaleza en la literatura142LEMBaImaginación en la literatura142LEMBaEmociones en la literatura142LEMBaSueños en la literatura1 aMantilla Navarrete, María Fernandaeilustradora1 aFonseca Leal, Raquel Mireyaeeditora aBogotábPanamericanac2016 atextobtxt2rdacontent asin mediaciónbn2rdamedia avolumenbnc2rdacarrier aCO-BoRNBPbspaerdacCO-BoRNBP aP ALO4